Logic học về các thể loại văn học

Những cơ sở ngôn ngữ học, thể loại hư cấu hoặc thể loại mô phỏng, tính hệ thống trong thể loại trữ tình, những hình thức đặc biệt hoặc hỗn hợp

Guardado en:
Detalles Bibliográficos
Autor principal: Hamburger, Kate
Otros Autores: Vũ Hoàng Địch (Dịch), Trần Ngọc Vương (Dịch)
Formato: Libro
Lenguaje:Vietnamese
Publicado: H. Đại học Quốc gia Hà Nội 2004
Materias:
Etiquetas: Agregar Etiqueta
Sin Etiquetas, Sea el primero en etiquetar este registro!
Thư viện lưu trữ: Mạng thư viện Đại học Đà Nẵng
LEADER 01541nam a2200373 4500
001 000004389
003 528
005 20121211001224.0
008 110720s2004 viesd
020 |c 39500 
041 0 |a vie 
082 |a 895.92208  |b HAM 
100 0 |a Hamburger, Kate 
245 0 |a Logic học về các thể loại văn học  |c Kate Hamburger ; Dịch: Vũ Hoàng Địch, Trần Ngọc Vương 
260 |a H.  |b Đại học Quốc gia Hà Nội  |c 2004 
300 |a 464 tr  |c 21 cm 
500 |a ĐTTS ghi: Đại học Quốc gia Hà Nội. Trường đại học KHXH & NV. - Nguyên bản: Die logik der Dich tung 
520 |a Những cơ sở ngôn ngữ học, thể loại hư cấu hoặc thể loại mô phỏng, tính hệ thống trong thể loại trữ tình, những hình thức đặc biệt hoặc hỗn hợp 
653 |a Logic học 
653 |a Thể loại văn học 
653 |a Văn học 
700 |a Vũ Hoàng Địch  |e Dịch 
700 |a Trần Ngọc Vương  |e Dịch 
910 |a Nguyễn thị Kim Oanh  |d 20/ 07/ 2011 
OWN |a LSP 
AVA |a UDN50  |b LSP  |d 895.92208 HAM  |e check_holdings  |t Error 5003 Not defined in file expand_doc_bib_avail.  |h N  |k 1 
999 |a From the UDN01 
AVA |a UDN50  |b LSP  |d 895.92208 HAM  |e available  |t Error 5001 Not defined in file expand_doc_bib_avail.  |f 20  |g 1  |h N  |i 27  |k 1 
TYP |a Monograph 
TYP |a Printed language 
980 |a Mạng thư viện Đại học Đà Nẵng